Bölcsészdoktori értekezések
Elmentve itt :
| Dokumentumtípus: | Cikk |
|---|---|
| Megjelent: |
1967
|
| Sorozat: | Acta historiae litterarum hungaricarum
7 |
| Kulcsszavak: | Magyar irodalom története, Irodalomtudomány |
| Online Access: | http://acta.bibl.u-szeged.hu/1614 |
| LEADER | 00573nab a2200169 i 4500 | ||
|---|---|---|---|
| 001 | acta1614 | ||
| 005 | 20210420135103.0 | ||
| 008 | 161015s1967 hu o 0|| hun d | ||
| 022 | |a 0586-3708 | ||
| 040 | |a SZTE Egyetemi Kiadványok Repozitórium |b hun | ||
| 041 | |a hun | ||
| 245 | 0 | 0 | |a Bölcsészdoktori értekezések |h [elektronikus dokumentum] |
| 260 | |c 1967 | ||
| 300 | |a 53 | ||
| 490 | 0 | |a Acta historiae litterarum hungaricarum |v 7 | |
| 695 | |a Magyar irodalom története, Irodalomtudomány | ||
| 856 | 4 | 0 | |u http://acta.bibl.u-szeged.hu/1614/1/hist_litt_hung_007_053.pdf |z Dokumentum-elérés |